Statistics for Minecraft real mobs

Click here to take the quiz!

General Stats

  • This quiz has been taken 28 times
    (14 since last reset)
  • The average score is 21 of 29

Answer Stats

Answer% Correct
Cow
91%
Donkey
91%
Horse
91%
Pig
91%
Sheep
91%
Cat
82%
Mule
82%
Ocelot
82%
Wolf
82%
Bat
73%
Bee
73%
Chicken
73%
Frog
73%
Panda
73%
Salmon
73%
Spider
73%
Squid
73%
Cod
64%
Dolphin
64%
Goat
64%
Llama
64%
Parrot
64%
Pufferfish
64%
Axolotl
55%
Fox
55%
Polar Bear
55%
Rabbit
55%
Turtle
55%
Silverfish
45%

Score Distribution

Percentile by Number Answered

Percent of People with Each Score

Your Score History

You have not taken this quiz since the last reset